000 008000000a22002290004500
090 _aAR
_b03331
245 1 0 _aNotas sobre la historia de la Garza Morena, Ardea cocoi (<Aves>) en Colombia
500 _a<Colección Aves>
650 1 4 _aOrnitología
_993189
650 1 4 _aAves
_992429
650 1 4 _aHistoria natural
_993979
650 1 4 _aDistribución geográfica
_992997
650 1 4 _aEcología
_992250
650 1 4 _aHábitos alimentarios
_93824
651 4 _lLaguna de Sonso o Ciénaga de Chircal
_mBuga
_dValle del Cauca
_pColombia
_992749
653 _gArdea
_eArdea cocoi
_vgarza real suramericana
041 0 _aEspañol
700 1 _aCruz M., Carlos A.
_911300
100 1 _aBorrero H., José Ignacio
_996971
942 _cARTICULO
773 1 _tActa Biológica Colombiana
_3509
_h1
_q51-75
_d1983
_g1
999 _c12382
_d12382